Dance Moms - Casting original par image - Statistiques

Statistiques générales
  • Ce quiz a été pris 38 fois
  • Le résultat moyen est 13 sur 14
Statistiques - réponses
Par images Réponse % Correct
Abby Lee Miller
100%
Mackenzie
100%
Maddie
100%
Brooke
97%
Chloe
97%
Nia
97%
Paige
97%
Melissa
93%
Christi
90%
Holly
87%
Cathy
83%
Kelly
83%
Vivi-Ann
80%
Gianna
70%
Aucun quiz correspondant
Distribution des résultats
% des personnes avec chaque résultat
Percentile par nombre de réponses
Votre historique - résultats
Vous n’avez pas pris ce quiz